000 00498nam a22001217a 4500
999 _c21411
_d21411
008 240910b ||||| |||| 00| 0 eng d
100 _aMagistrado, Erwin Praxides.
_eauthor.
_960453
245 _aAng pagdiriwang ng buwan ng wikang pambansa /
_cErwin Praxides Magistrado.
260 _aPhilippines;
_bPublishers Association of the Philippines, Inc.,
_cAugust 2019.
300 _aVolume 168, pages 112-113,
_billustration.
700 _aMagistrado, Erwin Praxides.
_eauthor.
_960453
942 _2ddc
_cPER